| 000 | 01011nam a22002897a 4500 | ||
|---|---|---|---|
| 001 | 6071 | ||
| 003 | FISKH | ||
| 005 | 20250305113511.0 | ||
| 008 | 250305b cb ||||| |||| 00| 0 eng d | ||
| 020 | _a9780439211680 | ||
| 040 |
_aFISKH _beng _cFISKH _dFISKH |
||
| 050 | _aPZ8.M44753 B | ||
| 082 | _a813.6 | ||
| 100 |
_aMartin, Rafe _d(1946-) |
||
| 245 |
_aBirdwing / _cRafe Martin |
||
| 250 | _aFirst paperback printing in 2007 | ||
| 260 |
_aNew York : _bScholastic, _c2005 |
||
| 300 |
_a378 pages : _c20 cm |
||
| 505 | _aR | ||
| 520 | _aPrince Ardwin, known as Birdwing, the youngest of six brothers turned into swans by their stepmother, is unable to complete the transformation back into human form, so he undertakes a journey to discover whether his feathered arm will be a curse or a blessing to him. | ||
| 521 | 8 |
_a720
_bLexile |
|
| 521 | 8 |
_aR
_bRaz-Plus |
|
| 650 |
_2Fairy tales _aHuman-animal relationships |
||
| 650 |
_2Fiction _aFairy tale |
||
| 942 |
_2ddc _cBK _n0 |
||
| 999 |
_c6071 _d6071 |
||